| 000 | 00936cab a2200289 4500 | ||
|---|---|---|---|
| 001 | ABS60114 | ||
| 008 | 090401t1999 xxu||||| |||| 00| 0 eng d | ||
| 035 | _a(Sirsi) u91434 | ||
| 041 | _aeng | ||
| 245 | _aOccupier `99: West Midlands | ||
| 260 | _c1999 | ||
| 350 | _a0 | ||
| 490 |
_aEstates Gazette _v(9906) 13 February 1999, 75-107(12) |
||
| 520 | _aAn analysis of the office, industrial and retail property markets in the West Midlands. | ||
| 650 | _aBIRMINGHAM | ||
| 650 | _aDISTRIBUTION MARKET | ||
| 650 | _aINDUSTRIAL MARKET | ||
| 650 | _aLEISURE MARKET | ||
| 650 | _aMOTOR INDUSTRY | ||
| 650 | _aPROPERTY-COMMERCIAL PROPERTY-OFFICE PROPERTY-OFFICE PROPERTY MARKET | ||
| 650 | _aPIZZA HUT | ||
| 650 | _aPROPERTY-COMMERCIAL PROPERTY-RETAIL PROPERTY-RETAIL PROPERTY MARKET | ||
| 650 | _aWEST MIDLANDS | ||
| 690 | _aPROPERTY-COMMERCIAL PROPERTY-COMMERCIAL PROPERTY MARKET | ||
| 942 | _n0 | ||
| 948 | _c18/02/1999 | ||
| 999 |
_c58044 _d58044 |
||